[Event "Canadian Open"]
[Site "Kitchener CAN"]
[Date "2006.07.17"]
[Round "3"]
[White "Bluvshtein,M"]
[Black "Kazmaier,D"]
[Result "1-0"]
[WhiteElo "2541"]
[BlackElo "2141"]

1.d4 f5 2.g3 Nf6 3.Bg2 g6 4.Nf3 Bg7 5.O-O O-O 6.c4 d6 7.b4 c6 8.Bb2 Be6 9.Nbd2 Na6
10.Qb3 h6 11.Rfe1 Nc7 12.Qc2 g5 13.Rac1 Qe8 14.d5 Bd7 15.e4 fxe4 16.Nxe4 Qf7
17.Bxf6 Bxf6 18.dxc6 bxc6 19.c5 g4 20.Nxf6+ Qxf6 21.Nh4 Ne6 22.Qg6+ Qxg6
23.Nxg6 Rf7 24.cxd6 exd6 25.b5 Re8 26.bxc6 Bc8 27.Bd5 Kg7 28.Nf4 Nxf4 29.Rxe8 Nh3+
30.Kh1 Ba6 31.Bxf7 Kxf7 32.Re3 h5 33.f4  1-0

[Event "3rd ACT"]
[Site "Amsterdam NED"]
[Date "2006.07.20"]
[Round "6"]
[White "De Saegher,C"]
[Black "Van der Elburg,F"]
[Result "0-1"]
[WhiteElo "2203"]
[BlackElo "2348"]

1.d4 f5 2.g3 Nf6 3.Bg2 g6 4.Nf3 Bg7 5.O-O O-O 6.c4 d6 7.Nc3 c6 8.d5 Bd7 9.Rb1 Na6
10.b4 Rc8 11.dxc6 Bxc6 12.b5 Bxf3 13.exf3 Nc5 14.f4 e5 15.Nd5 e4 16.Be3 Nd3
17.Nb4 Nxb4 18.Rxb4 b6 19.Qb3 Kh8 20.Rd1 Qe7 21.h3 Rfd8 22.a4 Nd7 23.Bf1 Nc5
24.Qa2 Bc3 25.Rbb1 Rd7 26.Rbc1 Bf6 27.Rd5 Rdc7 28.Rcd1 Nb7 29.Qd2 Kg8 30.Be2 Kf8
31.g4 Qe6 32.Bd4 Be7 33.Ba1 Na5 34.gxf5 gxf5 35.Qc3 Nxc4 36.Qh8+ Qg8+ 37.Bg7+ Kf7
38.Rxf5+ Kg6 39.Bh5+ Kxf5 40.Bg4+ Kg6 41.f5+ Kg5 42.Rd5 Ne5 43.Rxe5 dxe5
44.Bh6+ Kxh6 45.Qxe5 Qg5  0-1

[Event "Czech Open A"]
[Site "Pardubice CZE"]
[Date "2006.07.24"]
[Round "4"]
[White "Kolesar,Mil"]
[Black "Schroll,G"]
[Result "0-1"]
[WhiteElo "2253"]
[BlackElo "2375"]

1.Nf3 f5 2.d4 Nf6 3.g3 g6 4.Bg2 Bg7 5.O-O O-O 6.c4 d6 7.Nc3 Qe8 8.b3 Na6
9.Ba3 c6 10.Qd3 Rb8 11.Rad1 b5 12.cxb5 cxb5 13.b4 Nc7 14.d5 Bb7 15.Nd4 Qf7
16.Nb3 Ng4 17.Na5 Ba8 18.f4 Bxc3 19.Qxc3 Nxd5 20.Qd4 Nde3 21.Nc6 Bxc6 22.Bxc6 Nxd1
23.Rxd1 Nf6 24.Bb2 Qxa2 25.Ra1 Qc4 26.Qxc4+ bxc4 27.b5 Rfc8 28.Rxa7 Rxc6
29.bxc6 Nd5 30.Ba3 Rc8 31.Ra6 Kf7 32.Kf2 Ke6 33.Ke1 Nc3 34.Bb4 Nb5 35.Ba5 Kd5
36.Rb6 Nd4 37.c7 Rxc7  0-1

[Event "Czech Open B1"]
[Site "Pardubice CZE"]
[Date "2006.07.24"]
[Round "4"]
[White "Ustinov,M"]
[Black "Werthebach,F"]
[Result "1-0"]
[WhiteElo "2214"]
[BlackElo "2120"]

1.d4 f5 2.c4 Nf6 3.Nf3 g6 4.g3 Bg7 5.Bg2 O-O 6.O-O d6 7.b3 a5 8.Nc3 Qe8 9.Bb2 Na6
10.d5 Bd7 11.Nd4 Nc5 12.Qc2 Rc8 13.a3 Ng4 14.Rad1 f4 15.Ne4 Nxe4 16.Qxe4 Be5
17.h3 Nf6 18.Qc2 fxg3 19.f4 Bxd4+ 20.Rxd4 Nh5 21.Qc3 Rf6 22.Rdd1 Qf7 23.e4 e5
24.dxe6 Bxe6 25.f5 Bd7 26.fxg6 Rxf1+ 27.Rxf1 Qg7 28.Qxg7+ Nxg7 29.gxh7+ Kxh7
30.Rf7  1-0

[Event "XLVIII TCh-POR"]
[Site "Evora POR"]
[Date "2006.07.25"]
[Round "4"]
[White "Saatdjian,T"]
[Black "Costa,JoaoG"]
[Result "1-0"]
[WhiteElo "2202"]
[BlackElo "2205"]

1.Nf3 f5 2.d4 Nf6 3.g3 g6 4.Bg2 Bg7 5.O-O O-O 6.c4 d6 7.Nc3 c6 8.b3 Qa5 9.Bd2 Qc7
10.d5 Na6 11.Rc1 Nc5 12.Be3 Nce4 13.Nxe4 Nxe4 14.Bd4 e5 15.dxe6 Bxe6 16.Bxg7 Qxg7
17.Qd4 Rae8 18.Qxg7+ Kxg7 19.e3 Bg8 20.Rfd1 a5 21.Nd4 Nc5 22.a3 Ra8 23.b4 Na4
24.b5 Nb2 25.bxc6 bxc6 26.Rd2 Nxc4 27.Rd3 Ne5 28.Rdc3 c5 29.Bxa8 Rxa8 30.Nb5 Rd8
31.Rd1 Nc4 32.Rcd3 d5 33.Rc3 Rc8 34.Rc2 Kf6 35.Nc3 Nb6 36.Rb2 Rc6 37.Rb5 a4
38.Rdb1 Nc4 39.Nxa4 d4 40.Rxc5  1-0

[Event "Czech Open A"]
[Site "Pardubice CZE"]
[Date "2006.07.29"]
[Round "9"]
[White "Lubczynski,R"]
[Black "Tuturin,S"]
[Result "1/2-1/2"]
[WhiteElo "2361"]
[BlackElo "2245"]

1.Nf3 f5 2.g3 Nf6 3.Bg2 g6 4.O-O Bg7 5.d4 O-O 6.c4 d6 7.Nc3 Qe8 8.d5 a5 9.Be3 h6
10.c5 dxc5 11.Bxc5 Na6 12.Bd4 e6 13.Be5 Rf7 14.Rc1 Nb4 15.d6 cxd6 16.Qxd6 Ra6
17.Qc5 Nd7 18.Qb5 Rb6 19.Qa4 Nc6 20.Bxg7 Rb4 21.Qc2 Kxg7 22.a3 Rb6 23.Rfd1 Nf6
24.e4 fxe4 25.Nxe4 Nxe4 26.Qxe4 e5 27.Rd2 Bf5 28.Qe3 Ra6 29.Nh4 Re7 30.g4 Bxg4
31.Qg3 h5 32.h3 Bd7 33.Be4 Nd4 34.Rc7 Rf6 35.Qg5 Ne6 36.Nf5+ Rxf5 37.Qxe7+ Qxe7
38.Rdxd7 Rg5+ 39.Kf1 Qxd7 40.Rxd7+ Kh6 41.Bxb7 Nf4 42.h4 Rg4 43.b4 axb4 44.axb4 Rxh4
45.b5 Ne6 46.Rd5 Rh1+ 47.Kg2 Re1 48.Rd6  1/2-1/2

[Event "15th Open A"]
[Site "Vienna AUT"]
[Date "2006.08.01"]
[Round "4"]
[White "Sulyok,M"]
[Black "Solonar,S"]
[Result "1-0"]
[WhiteElo "2217"]
[BlackElo "2346"]

1.c4 f5 2.Nf3 Nf6 3.g3 g6 4.Bg2 Bg7 5.O-O O-O 6.d4 d6 7.Nc3 c6 8.Rb1 Ne4
9.Nxe4 fxe4 10.Ne1 d5 11.cxd5 cxd5 12.Nc2 Nc6 13.Be3 Bf5 14.Qd2 Qd7 15.Rfd1 Bh3
16.Bh6 Bxh6 17.Qxh6 Bxg2 18.Kxg2 Rf5 19.h4 Raf8 20.Rf1 Qe6 21.Qe3 Qf6 22.f4 exf3+
23.exf3 e5 24.Rbd1 exd4 25.Nxd4 Re5 26.Qc3 Rfe8 27.Rf2 Qd6 28.Rd3 Nb4 29.Qa3 Qb6
30.Rdd2 Re3 31.Qa4 R8e7 32.Qd1 Nxa2 33.Nc2 Rb3 34.Rxd5 Rxb2 35.Rd6 Nc3 36.Qd3 Qc5
37.Rd4 b5 38.h5 Kg7 39.hxg6 hxg6 40.Rd6 Qe5 41.Qxg6+ Kf8 42.Rf6+  1-0

[Event "17th Jozef Kochan Mem"]
[Site "Koszalin POL"]
[Date "2006.08.06"]
[Round "3"]
[White "Zowada,K"]
[Black "Jozwicki,J"]
[Result "1-0"]
[WhiteElo "2152"]
[BlackElo "2207"]

1.d4 f5 2.g3 Nf6 3.Bg2 g6 4.c4 Bg7 5.Nf3 O-O 6.O-O d6 7.Nc3 Nc6 8.Bf4 Ne4
9.Be3 Nxc3 10.bxc3 e5 11.d5 Na5 12.Qa4 b6 13.Nd2 g5 14.f3 f4 15.Bf2 Qe8 16.Qb4 c5
17.dxc6 Qxc6 18.Ne4 Nxc4 19.Nxg5 h6 20.Nh3 Kh8 21.Rfd1 Bf5 22.gxf4 Bc2 23.fxe5 Bxe5
24.Rd4 Bxd4 25.cxd4 d5 26.e4 Rg8 27.Qc3 Raf8 28.Bg3 Na5 29.Qxc6 Nxc6 30.Rc1 Ba4
31.exd5 Nb4 32.Rc7 Rxg3 33.hxg3 Nxd5 34.Rxa7 Bb5 35.f4 Bc4 36.Nf2 Nc3 37.Ng4 Bxa2
38.Ne5 Bb1 39.d5 Bf5 40.Rb7 b5 41.Kf2 Be4 42.Bxe4 Nxe4+ 43.Kf3 Nd6 44.Rd7  1-0

[Event "107th Annual US Open"]
[Site "Chicago USA"]
[Date "2006.08.10"]
[Round "6"]
[White "Pasalic,M"]
[Black "Gunsen,B"]
[Result "0-1"]
[WhiteElo "2413"]
[BlackElo "2204"]

1.Nf3 f5 2.d4 Nf6 3.g3 g6 4.Bg2 Bg7 5.c4 O-O 6.O-O d6 7.Nc3 Qe8 8.d5 a5 9.Rb1 Na6
10.Nd4 Nc5 11.Ndb5 Qd8 12.Be3 Nce4 13.Nxe4 Nxe4 14.Bd4 Nf6 15.Qd3 Bd7 16.Nc3 c6
17.Rfd1 c5 18.Be3 h6 19.f4 Qe8 20.Bd2 Qf7 21.b3 h5 22.e4 Ng4 23.Ne2 h4 24.Rf1 hxg3
25.Qxg3 fxe4 26.Bxe4 Bf5 27.Bxf5 Qxf5 28.Rbe1 Rf7 29.Nc3 Bd4+ 30.Kg2 Rh7
31.h3 Nf6 32.Rf3 a4 33.Qg5 axb3 34.Qxf5 gxf5 35.axb3 Bxc3 36.Bxc3 Ra2+ 37.Kh1 Ne4
38.Ree3 Rh6 39.Be1 Rg6 40.b4 Rag2 41.Rf1 cxb4 42.Rb3 Re2 43.Rb1 Re3 44.Kh2 b3
45.Rb2 Kf7 46.Rh1 Ng3 47.Bf2 Rc3 48.Rhb1 Ne4 49.Be1 Rxc4 50.Rxb3 Rc2+ 51.Kh1 Rcg2
52.R3b2 Rg1+ 53.Kh2 Rf1 54.Rg2 Nc5 55.Re2 Rgg1 56.h4 Ne4 57.Re3 Rh1+ 58.Kg2 Rfg1+
59.Kf3  0-1

[Event "107th Annual US Open"]
[Site "Chicago USA"]
[Date "2006.08.12"]
[Round "8"]
[White "Mulyar,M"]
[Black "Gunsen,B"]
[Result "1-0"]
[WhiteElo "2391"]
[BlackElo "2204"]

1.c4 f5 2.Nf3 Nf6 3.g3 g6 4.Bg2 Bg7 5.O-O O-O 6.d4 d6 7.Nc3 Qe8 8.d5 a5 9.Nd4 Na6
10.b3 h6 11.Bb2 g5 12.e3 Nc5 13.a3 Bd7 14.b4 axb4 15.axb4 Rxa1 16.Bxa1 Na6
17.Qb1 f4 18.exf4 Qh5 19.Nce2 c5 20.dxc6 bxc6 21.b5 cxb5 22.cxb5 Nc5 23.f5 e5
24.fxe6 Nxe6 25.Qb3 Qf7 26.Nf5 Nc5 27.Qxf7+ Kxf7 28.Ned4 Kg6 29.Nxd6 Rb8
30.Nc6 Bxc6 31.bxc6 Ne8 32.Bxg7 Kxg7 33.Nxe8+ Rxe8 34.Rc1 Na4  1-0

[Event "Open"]
[Site "Predeal ROM"]
[Date "2006.08.12"]
[Round "1"]
[White "Ionesi,C"]
[Black "Grunberg,M"]
[Result "0-1"]
[WhiteElo "2232"]
[BlackElo "2403"]

1.d4 f5 2.c4 Nf6 3.g3 g6 4.Bg2 Bg7 5.Nf3 O-O 6.O-O c6 7.Nc3 d6 8.Rb1 Ne4
9.Qc2 Nxc3 10.Qxc3 e5 11.dxe5 dxe5 12.e4 f4 13.b4 g5 14.Bb2 Qe7 15.Rfe1 Be6
16.Rbd1 Nd7 17.c5 Bf6 18.a3 g4 19.Nd2 b6 20.gxf4 bxc5 21.f5 Bf7 22.Nc4 Nb6
23.Nxb6 axb6 24.bxc5 bxc5 25.Qg3 h5 26.f4 Rfe8 27.fxe5 Bxe5 28.Bxe5 Qxe5
29.Qe3 Ra7 30.Rc1 Ra5 31.Qh6 c4 32.Red1 Qg7 33.Qxc6 Rxa3 34.Rd7 h4 35.Qd6 Rd3
36.Qc7 Qg5  0-1

[Event "6th Open"]
[Site "Velika Gorica CRO"]
[Date "2006.08.20"]
[Round "3"]
[White "Brumen,D"]
[Black "Kovacevic,B"]
[Result "1-0"]
[WhiteElo "2341"]
[BlackElo "2490"]

1.d4 f5 2.Nf3 Nf6 3.g3 g6 4.Bg2 Bg7 5.O-O O-O 6.c4 d6 7.Nc3 c6 8.d5 Bd7 9.Qb3 Na6
10.Qxb7 Nc5 11.Qb4 Rb8 12.Qa3 Rb6 13.Be3 Ra6 14.Qb4 Rb6 15.Qa5 Rxb2 16.Qa3 Rb6
17.Bxc5 dxc5 18.Rad1 Qc8 19.Qxa7 Ra6 20.Qxc5 cxd5 21.Qxc8 Rxc8 22.Ne5 e6
23.cxd5 Rxc3 24.Nxd7 Nxd7 25.dxe6 Nf8 26.e7 Kf7 27.exf8=Q+ Bxf8 28.Bd5+ Kf6
29.Bb3 Bd6 30.Rd5 Rc5 31.Rd3 Rc7 32.Rfd1 Be7 33.Kg2 h5 34.h4 Rac6 35.a4 Rb6
36.Ra1 Ra7 37.Rc1 Rab7 38.Bd1 Rd6 39.Rf3 Kg7 40.Bb3 Rd2 41.e4 Ba3 42.Re1 fxe4
43.Rxe4 Bc5 44.Rc4 Bxf2 45.Kf1 Rb2 46.Bc2 Ba7 47.a5 R2b4 48.Rc6 Rg4 49.a6 Re7
50.Bd3 Bb8 51.Kg2 Bxg3 52.Rxg6+ Rxg6 53.Bxg6 Bb8 54.Bxh5 Ba7 55.Rb3 Kh6 56.Bf3 Rg7+
57.Kh3 Bf2 58.Be4 Re7 59.Rb4 Rg7 60.Rb2 Ba7 61.Rc2 Re7 62.Rc4 Re6 63.Bb7 Rd6
64.Rc8 Rd3+ 65.Kg2 Ra3 66.Ra8 Bc5 67.Rh8+ Kg7 68.Rc8 Bd4 69.Rc7+ Kf6 70.Rc4 Ba7
71.Bc8 Kg6  1-0

[Event "FSIMB September"]
[Site "Budapest HUN"]
[Date "2006.09.05"]
[Round "4"]
[White "Feige,M"]
[Black "Tavoularis,N"]
[Result "1/2-1/2"]
[WhiteElo "2419"]
[BlackElo "2230"]

1.d4 f5 2.g3 Nf6 3.Bg2 g6 4.Nf3 Bg7 5.O-O O-O 6.c4 d6 7.Nc3 Qe8 8.d5 a5 9.Nd4 Na6
10.b3 Bd7 11.Rb1 c6 12.Bb2 Nc5 13.e3 Rc8 14.a3 Qf7 15.Qe2 Nce4 16.dxc6 bxc6
17.Rfc1 e5 18.Nf3 Nc5 19.b4 axb4 20.axb4 Nce4 21.c5 Qe7 22.cxd6 Nxd6 23.Rd1 Nf7
24.Na4 e4 25.Nd2 Rfd8 26.Bd4 Nd5 27.Bc5 Qf6 28.Nc4 Be6 29.Bd4 Qe7 30.Bxg7 Kxg7
31.Qb2+ Qf6 32.Nc5 Qxb2 33.Nxe6+ Kf6 34.Rxb2  1/2-1/2

[Event "EU-chB16"]
[Site "Herceg Novi MNE"]
[Date "2006.09.12"]
[Round "3"]
[White "Golichenko,I"]
[Black "Gutenev,A"]
[Result "1-0"]
[WhiteElo "2289"]
[BlackElo "2157"]

1.d4 f5 2.g3 Nf6 3.Bg2 g6 4.Nf3 Bg7 5.O-O O-O 6.c4 d6 7.Nc3 Qe8 8.d5 Na6
9.Nd4 Bd7 10.e4 fxe4 11.Nxe4 Nxe4 12.Bxe4 c6 13.dxc6 bxc6 14.Rb1 Rb8 15.b3 Nc5
16.Bg2 a5 17.Be3 Qc8 18.Qd2 a4 19.Bg5 Rf7 20.Rfe1 e5 21.Nc2 axb3 22.axb3 Bf5
23.b4 Ne6 24.Be3 Rd7 25.Rbc1 Qa6 26.b5 cxb5 27.Nb4 Qa3 28.Bc6 bxc4 29.Bxd7 Qxb4
30.Qd5 Kf7 31.Ra1 Rb7 32.Bd2 Qb2 33.Bc3 Qb6 34.Ba5 Qb2 35.Bc6 Ra7 36.Qxc4 Qd4
37.Qb5 Bf6 38.Ra4 Qc5 39.Bb6 Rxa4 40.Bxc5 Nxc5 41.Qb8 Ra6 42.Bb5 Ra3 43.Qxd6 Rc3
44.Ra1 Ne4 45.Ra7+ Kg8  1-0

[Event "EU-chB16"]
[Site "Herceg Novi MNE"]
[Date "2006.09.12"]
[Round "3"]
[White "Benidze,D"]
[Black "Khandelwal,A"]
[Result "1/2-1/2"]
[WhiteElo "2281"]
[BlackElo "1974"]

1.d4 f5 2.Nf3 Nf6 3.g3 g6 4.Bg2 Bg7 5.O-O O-O 6.c4 d6 7.Nc3 Nc6 8.d5 Ne5
9.Nxe5 dxe5 10.Qb3 Kh8 11.Rd1 h6 12.c5 g5 13.Bd2 f4 14.Na4 Qe8 15.Ba5 Bd7
16.Nc3 Qh5 17.Ne4 Nxe4 18.Bxe4 fxg3 19.Qxg3 Qxe2 20.Re1 Qxb2 21.Bc3 Qa3 22.Bxe5 Qxg3+
23.Bxg3 Bxa1 24.Rxa1 c6 25.Be5+ Kg8 26.Re1 e6 27.d6 b6 28.Re3 Rf5 29.Bxf5 exf5
30.Bd4 Re8 31.Ra3 bxc5 32.Bxc5 Kf7 33.Rxa7 Re1+ 34.Kg2 Ke6 35.Rc7 Rc1 36.Bb4 Rc2
37.a3 f4 38.Kf3 h5 39.h3 Ra2 40.Bc5  1/2-1/2

[Event "XVI WSen"]
[Site "Arvier ITA"]
[Date "2006.09.15"]
[Round "5"]
[White "Loktiev,I"]
[Black "Gabriel,J"]
[Result "1/2-1/2"]
[WhiteElo "2383"]
[BlackElo "2204"]

1.d4 f5 2.g3 Nf6 3.Bg2 g6 4.Nf3 Bg7 5.O-O O-O 6.c4 d6 7.Nc3 Qe8 8.d5 c5 9.Rb1 h6
10.Ne1 g5 11.f4 Qg6 12.Nd3 Na6 13.a3 Bd7 14.e3 b6 15.Re1 Nc7 16.b3 Rae8 17.Bb2 Ng4
18.Nf2 gxf4 19.gxf4 e5 20.dxe6 Bc6 21.Nxg4 Bxg2 22.Kxg2 Kh7 23.Nd5 Nxe6 24.Bxg7 Nxg7
25.Qc2 Qxg4+ 26.Kh1 Nh5 27.Rg1 Qf3+ 28.Qg2 Qe4 29.Qxe4 Rxe4 30.Kg2 Kg6 31.Kf3+ Kf7
32.Rbd1 Rfe8 33.Rge1 Rd8 34.Rd3 Nf6 35.Red1 Ne8 36.Rg1 Re6 37.Rd2 Ng7 38.Rg3 Rde8
39.Ke2  1/2-1/2

[Event "XVI WSen"]
[Site "Arvier ITA"]
[Date "2006.09.20"]
[Round "9"]
[White "Maurer,F"]
[Black "Neri,A"]
[Result "1/2-1/2"]
[WhiteElo "2121"]
[BlackElo "1981"]

1.d4 f5 2.g3 Nf6 3.Bg2 g6 4.Nf3 Bg7 5.O-O O-O 6.c4 d6 7.Nc3 Qe8 8.d5 a5 9.Rb1 Na6
10.a3 e5 11.dxe6 Bxe6 12.Nd4 c6 13.b3 Nh5 14.Bb2 Rd8 15.Qd2 Bf7 16.Rbd1 Nc5
17.Qc2 Ne6 18.Nxe6 Bxe6 19.Rd2 Qe7 20.Rfd1 f4 21.Ne4 fxg3 22.hxg3 Bf5 23.Bxg7 Nxg7
24.g4  1/2-1/2

[Event "15th TCh-CRO"]
[Site "Sibenik CRO"]
[Date "2006.09.26"]
[Round "5"]
[White "Biliskov,V"]
[Black "Kovacevic,Vlat"]
[Result "0-1"]
[WhiteElo "2334"]
[BlackElo "2491"]

1.Nf3 f5 2.g3 Nf6 3.Bg2 g6 4.O-O Bg7 5.d4 O-O 6.c4 d6 7.Nc3 c6 8.d5 e5 9.dxe6 Bxe6
10.b3 Na6 11.Ng5 Qe7 12.Bb2 Rad8 13.Nxe6 Qxe6 14.Qc2 Rfe8 15.Rad1 Nc5 16.e3 a5
17.Ne2 Qe7 18.Nf4 Qc7 19.Bd4 Ne6 20.Nxe6 Rxe6 21.Rd3 Ng4 22.Rfd1 Ne5 23.R3d2 Nf7
24.Bxg7 Kxg7 25.Qc3+ Kg8 26.a3 h5 27.b4 axb4 28.axb4 Ra8 29.Rd4 Kh7 30.h3 Rc8
31.e4 fxe4 32.Rxe4 Rce8 33.Rxe6 Rxe6 34.Qd4 Re5 35.f4 Re6 36.Kh2 Nh6 37.b5 Nf5
38.Qa7 Re2 39.Rd3 cxb5 40.cxb5 Rxg2+ 41.Kxg2 Qc2+  0-1

[Event "TCh-BEL 2006-7"]
[Site "Belgium BEL"]
[Date "2006.10.01"]
[Round "1"]
[White "Goormachtigh,J"]
[Black "Huesmann,T"]
[Result "1/2-1/2"]
[WhiteElo "2231"]
[BlackElo "2303"]

1.d4 f5 2.Nf3 Nf6 3.g3 g6 4.Bg2 Bg7 5.O-O O-O 6.c4 d6 7.Nc3 Qe8 8.b3 c6 9.Ba3 h6
10.Qd3 g5 11.e4 fxe4 12.Nxe4 Nxe4 13.Qxe4 Bf5 14.Qe3 Bf6 15.Rad1 Qh5 16.Nd2 Bg4
17.f3 Bd7 18.Ne4 Bg7 19.c5 d5 20.Nf2 Bf6 21.Nd3 Qg6 22.Ne5 Qf5 23.Nxd7 Qxd7
24.Rfe1 Na6 25.Qd3 Rae8 26.Qg6+ Bg7 27.Bb2 Qf5 28.Qxf5  1/2-1/2

[Event "7th Veselin Boskovic Mem Op"]
[Site "Beograd SRB"]
[Date "2006.10.04"]
[Round "3"]
[White "Antic,De"]
[Black "Skoko,Mil"]
[Result "1-0"]
[WhiteElo "2437"]
[BlackElo "2248"]

1.d4 f5 2.g3 Nf6 3.Bg2 g6 4.Nf3 Bg7 5.O-O O-O 6.c4 d6 7.Nc3 e6 8.Re1 Ne4
9.Qc2 Nxc3 10.bxc3 Nc6 11.e4 e5 12.Bg5 Bf6 13.Bh6 Re8 14.Rad1 Rb8 15.dxe5 Nxe5
16.Nxe5 Rxe5 17.f4 Rxe4 18.Bxe4 fxe4 19.Qxe4  1-0

[Event "7th Veselin Boskovic Mem Op"]
[Site "Beograd SRB"]
[Date "2006.10.06"]
[Round "5"]
[White "Antic,De"]
[Black "Vasiukov,E"]
[Result "1/2-1/2"]
[WhiteElo "2437"]
[BlackElo "2502"]

1.d4 f5 2.g3 Nf6 3.Bg2 g6 4.Nf3 Bg7 5.O-O O-O 6.c4 d6 7.Nc3 Qe8 8.d5 a5 9.Nd4 Na6
10.e4 fxe4 11.Nxe4 Nxe4 12.Bxe4 Bd7 13.Be3 c6 14.Qd2 Nc7 15.Rac1 c5 16.Ne2 b5
17.b3 Qf7 18.Nf4 b4 19.h4 a4 20.Qc2 axb3 21.axb3 Bf5 22.f3 Qf6 23.h5 g5 24.Kg2 e6  1/2-1/2

[Event "Muensterland Open"]
[Site "Senden GER"]
[Date "2006.10.07"]
[Round "1"]
[White "Krallmann,M"]
[Black "Bartsch,R"]
[Result "1-0"]
[WhiteElo "2284"]
[BlackElo "1973"]

1.d4 f5 2.g3 Nf6 3.Bg2 g6 4.Nf3 Bg7 5.O-O O-O 6.c4 c6 7.b3 d6 8.Nc3 Nbd7
9.Qc2 Qc7 10.Ba3 Re8 11.Rad1 Nf8 12.Rfe1 Bd7 13.e4 fxe4 14.Nxe4 Nxe4 15.Qxe4 Qa5
16.Bb2 Bf5 17.Qe3 Qxa2 18.Qc3 Qa6 19.c5 dxc5 20.Bf1 Qb6 21.Qc4+ e6 22.dxc5 Qc7
23.Bxg7 Qxg7 24.g4 Rad8 25.gxf5 gxf5+ 26.Kh1 Rd5 27.Rxd5 exd5 28.Rxe8 dxc4
29.Bxc4+ Kh8 30.Ne5 Qf6 31.f4 Kg7 32.Kg2 Qh4 33.Rb8 Qxf4 34.Rxb7+ Kf6 35.Nf3 Qg4+
36.Kf2 Ne6 37.Rxh7 Nxc5 38.Rf7+  1-0

[Event "Muensterland Open"]
[Site "Senden GER"]
[Date "2006.10.08"]
[Round "3"]
[White "Krallmann,M"]
[Black "Werthebach,F"]
[Result "1-0"]
[WhiteElo "2284"]
[BlackElo "2120"]

1.d4 f5 2.g3 Nf6 3.Bg2 g6 4.Nf3 Bg7 5.O-O O-O 6.c4 d6 7.Nc3 Qe8 8.b3 a5 9.Bb2 Na6
10.Re1 c6 11.Qd2 e5 12.e4 f4 13.gxf4 Nh5 14.Ne2 Rxf4 15.dxe5 Qf8 16.Nxf4 Nxf4
17.Re3 Nxg2 18.Kxg2 Bh6 19.exd6 Nc5 20.Qd4 Bxe3 21.Qh8+ Kf7 22.Qxh7+ Ke8
23.Qxg6+ Kd7 24.Ne5+ Kd8 25.fxe3 Be6 26.Bd4  1-0

[Event "7th Veselin Boskovic Mem Op"]
[Site "Beograd SRB"]
[Date "2006.10.09"]
[Round "7"]
[White "Brkljaca,A"]
[Black "Katic,G"]
[Result "1-0"]
[WhiteElo "2359"]
[BlackElo "2056"]

1.d4 f5 2.Nf3 Nf6 3.g3 g6 4.Bg2 Bg7 5.O-O O-O 6.c4 d6 7.b3 Ne4 8.Bb2 c5 9.Qc1 Nc6
10.dxc5 Bxb2 11.Qxb2 dxc5 12.Nc3 Nxc3 13.Qxc3 Rf6 14.Rad1 Rd6 15.Qe1 h6 16.Rxd6 Qxd6
17.Qc1 Kh7 18.Qe3 Nd8 19.Ne5 Rb8 20.h4 b6 21.h5 g5  1-0

[Event "7th Veselin Boskovic Mem Op"]
[Site "Beograd SRB"]
[Date "2006.10.11"]
[Round "9"]
[White "Jelic,G"]
[Black "Katic,G"]
[Result "1-0"]
[WhiteElo "2240"]
[BlackElo "2056"]

1.d4 f5 2.Nf3 Nf6 3.g3 g6 4.Bg2 Bg7 5.O-O O-O 6.c4 d6 7.b3 e5 8.dxe5 Ng4
9.Bb2 Nxe5 10.Qd5+ Nf7 11.Bxg7 Kxg7 12.Nc3 c6 13.Qd2 Na6 14.e4 Nc5 15.Rfe1 Nxe4
16.Nxe4 fxe4 17.Rxe4 Bf5 18.Re3 Qd7 19.Rae1 Rfe8 20.Qd4+ Kg8 21.Rxe8+ Rxe8
22.Qxa7 Ng5 23.Re3 Rxe3 24.Qxe3 Nxf3+ 25.Bxf3 Bh3 26.Bg2 Bxg2 27.Kxg2 Qf7
28.Qd4 Qe7 29.b4 c5 30.Qd5+ Kf8 31.b5 Ke8 32.a4 Kd8 33.a5 Kc8 34.a6 bxa6
35.Qa8+ Kd7 36.Qb7+ Ke6 37.Qxe7+  1-0

[Event "Muensterland Open"]
[Site "Senden GER"]
[Date "2006.10.14"]
[Round "9"]
[White "Borovikov,V"]
[Black "Haub,TM"]
[Result "1-0"]
[WhiteElo "2578"]
[BlackElo "2474"]

1.d4 f5 2.Nf3 Nf6 3.c4 g6 4.g3 Bg7 5.Bg2 O-O 6.O-O c6 7.Nc3 d6 8.d5 e5 9.dxe6 Bxe6
10.Qd3 Na6 11.Ng5 Bc8 12.Rd1 h6 13.Nf3 Be6 14.Bf4 d5 15.Nd4 Bf7 16.cxd5 Nb4
17.Qd2 Nbxd5 18.Bxh6 Bxh6 19.Qxh6 Ng4 20.Qd2 Nb6 21.Qf4 Qb8 22.Qxb8 Raxb8
23.Nf3 Rfe8 24.Ng5 Bc4 25.e4 Kg7 26.b3 Bg8 27.exf5 gxf5 28.Nh3 a5 29.Nf4 Rbd8
30.h3 Ne5 31.Rxd8 Rxd8 32.Re1 Ng6 33.Ne6+ Bxe6 34.Rxe6 Rd4 35.Re8 f4 36.Rb8 Nd5
37.Rxb7+ Kf8 38.Rb8+ Ke7 39.Rb7+ Kf8 40.Ne4 Ne5 41.Ng5 Rd1+ 42.Kh2 fxg3+
43.Kxg3 Rd3+ 44.Bf3 Nc3 45.Kf4 Ng6+ 46.Kf5 Nh4+ 47.Kf6 Rd6+ 48.Ne6+ Kg8 49.Bg4 Nxa2
50.Rg7+ Kh8 51.Rg5 Ng2 52.Rxa5  1-0

[Event "III Open"]
[Site "Calvia ESP"]
[Date "2006.10.26"]
[Round "7"]
[White "Aaberg,A"]
[Black "Moreto Quintana,A"]
[Result "1-0"]
[WhiteElo "2393"]
[BlackElo "2162"]

1.d4 f5 2.c4 Nf6 3.g3 g6 4.Bg2 Bg7 5.Nf3 O-O 6.O-O d6 7.Nc3 e6 8.b3 Nc6 9.Bb2 a5
10.d5 Nb4 11.dxe6 Bxe6 12.Nd4 Bc8 13.a3 Na6 14.b4 axb4 15.axb4 Rb8 16.Rxa6 c5
17.bxc5 dxc5 18.Rxf6 Bxf6 19.Bd5+ Kh8 20.Ndb5 Qe7 21.e3 Qg7 22.Qb3 g5 23.Na4 b6
24.Bxf6 Rxf6 25.Nac3 h5 26.Ra1 Rh6 27.Ra7 Qe5 28.Ne2 Rh7 29.f4 Qf6 30.fxg5 Qxg5
31.Qc3+ Rg7 32.Qe5 Rb7 33.Bxb7 Bxb7 34.Rxb7  1-0

[Event "Open"]
[Site "Santo Domingo DOM"]
[Date "2006.11.01"]
[Round "3"]
[White "Schaerer,H"]
[Black "Puntier,W"]
[Result "1/2-1/2"]
[WhiteElo "2177"]
[BlackElo "2337"]

1.c4 f5 2.d4 Nf6 3.Nf3 g6 4.g3 Bg7 5.Bg2 O-O 6.O-O d6 7.b3 c6 8.Bb2 Na6 9.Nc3 Ne4
10.Ne1 Nxc3 11.Bxc3 Qe8 12.Qd2 Qf7 13.d5 Bd7 14.Nc2 Nc7 15.Bxg7 Kxg7 16.Nd4 c5
17.Ne6+ Nxe6 18.dxe6 Bxe6 19.Bxb7 Rab8 20.Bg2 Rb4 21.Rfe1 Qf6 22.e4 fxe4
23.Bxe4 a5 24.Rad1 Bh3 25.Re3 Bg4 26.Rde1 e5 27.Rd3 Rd8 28.f3 Bf5 29.Rd1 a4
30.Rxd6 Rxd6 31.Qxd6 Qxd6 32.Rxd6 axb3 33.axb3 Rxb3 34.Rd5 Kf6 35.Bxf5 gxf5
36.Kf2 Rb2+ 37.Kg1 e4 38.fxe4 fxe4 39.Rxc5 e3 40.Rb5 Rc2 41.Kf1 Rxh2 42.Rb3 Rf2+
43.Ke1 Rf3 44.Ke2 Rxg3 45.Rxe3  1/2-1/2

[Event "British Rapidplay"]
[Site "Halifax ENG"]
[Date "2006.11.04"]
[Round "2"]
[White "Hebden,M"]
[Black "Wolstencroft,D"]
[Result "1-0"]
[WhiteElo "2545"]
[BlackElo "2170"]

1.d4 f5 2.g3 Nf6 3.Bg2 g6 4.Nf3 Bg7 5.O-O O-O 6.c4 c5 7.e3 Na6 8.b3 d6 9.Bb2 Rb8
10.Nc3 Bd7 11.Qe2 Qb6 12.Rfd1 Rfe8 13.e4 fxe4 14.Nxe4 Nxe4 15.Qxe4 cxd4 16.Bxd4 Nc5
17.Qe3 Bxd4 18.Nxd4 e5 19.Ne2 a5 20.Nc3 a4 21.b4 Qxb4 22.Nd5 Qxc4 23.Nb6 Qg4
24.Rxd6 Qb4 25.Nxd7  1-0

[Event "Sub Zonal 2.3.2C"]
[Site "Panama PAN"]
[Date "2006.11.05"]
[Round "6"]
[White "Fonseca,JL"]
[Black "Gonzalez,Be CRC"]
[Result "1/2-1/2"]
[WhiteElo "2224"]
[BlackElo "2424"]

1.Nf3 g6 2.g3 Bg7 3.d4 f5 4.Bg2 Nf6 5.O-O O-O 6.c4 d6 7.Nc3 c6 8.d5 e5 9.dxe6 Bxe6
10.Qd3 Na6 11.Ng5 Qe7 12.Bf4 Rad8 13.Rad1 Nh5 14.Qe3 Nxf4 15.gxf4 Rfe8 16.Nxe6 Qxe6
17.Qxe6+ Rxe6 18.e3 Bxc3 19.bxc3 Nc5 20.Rb1 Kf7 21.Rfd1 Ke7 22.Kf1 Rg8 23.h4 Kd7
24.Bf3 Kc7 25.Ke2 a6 26.Rg1 b5 27.cxb5 axb5 28.Rgc1 Ra8 29.Rc2 Ra4 30.Rb4 d5
31.Rxa4 Nxa4 32.Kd2 Re8 33.Be2 Nc5 34.Bd3 Ra8 35.Rb2 Na4 36.Rb4 Nb6 37.Rb2 Kd6
38.Bf1 Ra3 39.Be2 Na4 40.Rc2 Nc5 41.Bf3 Na4 42.Be2 Kc5 43.Bf1 Nb6 44.Rb2 Nc8
45.Be2 Nd6 46.Bd3 Ra7 47.Ke2 Nc4 48.Rc2 Ra3 49.h5 Nd6 50.hxg6 hxg6 51.Kd2 Ra8
52.Rb2 Rh8 53.Rb1 Ra8 54.Rb2 Rb8 55.Rb1 Rb7 56.Rb4 Ne4+ 57.Bxe4 dxe4 58.Kc2 Ra7
59.Kb2 Rh7 60.Rd4 Rh2 61.Rd2 Rh1 62.Kc2 Rg1 63.Kb3 g5 64.fxg5 Rxg5 65.Kc2 Rg2
66.Kb3 f4 67.Rd4 Rxf2 68.Rxe4 f3 69.Rf4 Kd5 70.a4 bxa4+ 71.Kxa4 Rf1 72.Kb3 f2
73.Kb2 c5 74.c4+ Ke5 75.Ka2 Re1 76.Rxf2 Rxe3 77.Rd2 Rc3  1/2-1/2

[Event "FSGM November"]
[Site "Budapest HUN"]
[Date "2006.11.09"]
[Round "6"]
[White "Berczes,D"]
[Black "Potapov,P"]
[Result "1/2-1/2"]
[WhiteElo "2415"]
[BlackElo "2406"]

1.d4 f5 2.g3 Nf6 3.Bg2 g6 4.Nf3 Bg7 5.O-O O-O 6.c4 d6 7.Nc3 Qe8 8.d5 a5 9.Rb1 Na6
10.b3 Bd7 11.a3 Nc5 12.Bb2 Rc8 13.b4 axb4 14.axb4 Nce4 15.Nxe4 Nxe4 16.Bxg7 Kxg7
17.Ra1 Qf7 18.Ra7 b6 19.Nd4 Qf6 20.f3 Ng5 21.h4 Nf7 22.f4 Nd8 23.Nb5 Bxb5
24.cxb5 e5 25.dxe6 Nxe6 26.e3 Rf7 27.Bd5 Re7 28.Qa1 Qxa1 29.Rfxa1 Kf6 30.Rc1 c5
31.Rxe7  1/2-1/2

[Event "SK Liburnija GM"]
[Site "Rijeka CRO"]
[Date "2006.11.17"]
[Round "4"]
[White "Vukic,M"]
[Black "Kovacevic,B"]
[Result "1/2-1/2"]
[WhiteElo "2504"]
[BlackElo "2471"]

1.Nf3 f5 2.g3 Nf6 3.Bg2 g6 4.O-O Bg7 5.c4 O-O 6.d4 d6 7.Nc3 Qe8 8.d5 Na6
9.Be3 c6 10.Qd2 Ng4 11.Bf4 Nc5 12.Rad1 a5 13.Nd4 Bd7 14.e4 fxe4 15.Nxe4 Nxe4
16.Bxe4 c5 17.Nf3 Nf6 18.Bd3 Nh5 19.Ng5  1/2-1/2